Selected poems,

সংরক্ষণ করুন:
গ্রন্থ-পঞ্জীর বিবরন
প্রধান লেখক: Darwish, Mahmud
অন্যান্য লেখক: Wedde, Ian (tr.), Tuqan, Fawwaz (tr.)
বিন্যাস: গ্রন্থ
ভাষা:English
প্রকাশিত: [Cheadle Hulme, Carcanet Press, 1973]
বিষয়গুলি:
LEADER 01026nam a2200301 4500
001 c000409021
003 CARM
005 00000000000000.0
008 740713s1973 enk b 00000 eng
015 |a GB*** 
019 1 |a 732293 
020 |a 0856350640  |a 0856350656 (pbk) 
040 |a VDU  |c VDU 
041 1 |a engund 
050 0 0 |a PJ7820.A7  |b A27 
082 0 4 |a 892.706 
100 1 |a Darwish, Mahmud. 
240 1 0 |a Selections.  |l English. 
245 0 0 |a Selected poems,  |c introduced and translated by Ian Wedde and Fawwaz Tuqan. 
260 0 |a [Cheadle Hulme,  |b Carcanet Press,  |c 1973] 
300 |a 88 p.  |c 23 cm. 
504 |a Includes bibliographical references. 
600 1 0 |a Darwish, Mahmud  |x Translations into English. 
700 1 1 |a Wedde, Ian  |e tr. 
700 1 1 |a Tuqan, Fawwaz.  |e tr. 
852 8 |b CARM  |h A3:AF27B0  |i B11941  |p 0569629  |f BK 
999 f f |i 93a32d39-0456-58e2-aedf-0c9faadc25a2  |s 83e1b5a2-c490-5902-a6d8-8daf1dc48705 
952 f f |p Can circulate  |a CAVAL  |b CAVAL  |c CAVAL  |d CARM 1 Store  |e B11941  |f A3:AF27B0  |h Other scheme  |i book  |m 0569629